| 000 | 00598cam a2200217 i 4500 | ||
|---|---|---|---|
| 003 | OSt | ||
| 005 | 20150624091646.0 | ||
| 008 | 121214t20132013maua b 001 0 eng | ||
| 020 | _a9781118414095 | ||
| 040 | _aSEKU | ||
| 050 | 0 | 0 |
_aR 857 _b.M5 |
| 100 | _aMishra, Ajay Kumar | ||
| 245 | 0 | 0 |
_aNanomedicine for drug delivery and therapeutics _cedited by Ajay Kumar Mishra |
| 260 |
_aBeverly _bScrivener Publishing _c2013 |
||
| 300 |
_a499 p.; _bill. |
||
| 504 | _aIncludes bibl. refs. | ||
| 650 | 0 | _aNanomedicine | |
| 650 | 0 | _aDrug delivery systems | |
| 650 | 0 | _aTherapeutics | |
| 942 |
_2lcc _cGEN |
||
| 999 |
_c4096 _d4096 |
||